000 00415nam a22001697a 4500
005 20180305114342.0
008 160614b xxu||||| |||| 00| 0 eng d
020 _a978-81-203-3537-0
041 _aeng
082 _b7469
_a332
100 _aGomeg, Clifford
_91898
245 _aFinancial Markets Institutional and financial Services
260 _bPHI
300 _a493
650 _aManagement
_9241
942 _cBK
999 _c2673
_d2672